000 00902nam a2200241 i 4500
001 bg
245 0 0 _aRaport o stanie środowiska w województwie bielskim w 1994 r[oku] /
_c[red. Jerzy Głąb, Jerzy Jamrocha] ; Państwowa Inspekcja Ochrony Środowiska. Wojewódzki Inspektorat Ochrony Środowiska w Bielsku-Białej.
260 _aBielsko-Biała :
_b"Bies",
_c1995.
300 _a98, [1] s., [16] s. tabl. kolor. :
_b3 mapy, wykr. ;
_c24 cm.
490 1 _aBiblioteka Monitoringu Środowiska
650 9 _aŚrodowisko człowieka
_xhigiena
_zPolska
651 9 _aBielsko-Biała,okręg
_xhigiena
700 1 _aGŁĄB, Jerzy.
_eRed.
700 1 _aJAMROCHA, Jerzy.
_eRed.
830 _aBiblioteka Monitoringu Środowiska
020 _a8390239469
040 _cBPK
041 0 _apol
080 _a504.06(438)
920 _a83-902394-6-9
942 _cKS
008 s pl f |000 0 pol
999 _c30886
_d30886
856 _uhttp://koha.tu.koszalin.pl/cgi-bin/koha/opac-detail.pl?biblionumber=30886
_yKatalog online BPK